000 00534 a2200169 4500
999 _c6805
_d6805
020 _a9780195122046
050 _aGE 42 INV 1998
245 _aAn Invitation to Environmental Philosophy/
_cedited by Anthony Weston
264 _aNew York :
_bOxford University Press,
_c1998.
300 _axi, 196 pages :
_b ill.
500 _aincludes bibliographical references.
650 _aEnvironmental ethics.
650 _aEnvironmental Protection
650 _asustainability
700 _aWeston, Anthony
942 _2lcc
_cBK
_h42
_iINV
_kGE